[Event "Wasselonne op"]
[Site "Wasselonne"]
[Date "2009.08.08"]
[Round "4"]
[White "Wurtz, Guillaume"]
[Black "Bronner, Daniel"]
[Result "1/2-1/2"]
[WhiteElo "1820"]
[BlackElo "1685"]
[PlyCount "58"]
[EventDate "2009.08.06"]
[EventType "swiss"]
[EventRounds "7"]
[EventCountry "FRA"]
[SourceTitle "EXT 2011"]
[Source "ChessBase"]
[SourceDate "2010.11.26"]
[SourceVersion "1"]
[SourceVersionDate "2010.11.26"]
[SourceQuality "1"]

1. e4 g6 2. d4 Bg7 3. f4 c5 4. Nf3 cxd4 5. Nxd4 d6 6. Nc3 Nf6 7. e5 dxe5 8. fxe5 Nfd7 9. e6 Ne5 10. exf7+ Nxf7 11. Ndb5 Qxd1+ 12. Kxd1 Kd8 13. Bf4 e5 14. Be3 Nc6 15. Bc4 a6 16. Bxf7 axb5 17. Nxb5 Bf5 18. Bg5+ Ne7 19. h3 Rc8 20. c3 Bd3 21. a4 Rf8 22. Bd5 h6 23. Bxe7+ Kxe7 24. Bxb7 Rcd8 25. Ke1 e4 26. Bc6 Be5 27. Nd4 Bg3+ 28. Kd1 Rf2 29. a5 Rdf8 1/2-1/2

[Event "Montpellier op"]
[Site "Montpellier"]
[Date "2007.12.26"]
[Round "2"]
[White "Hannety, Ali"]
[Black "Bronner, Daniel"]
[Result "1/2-1/2"]
[WhiteElo "2021"]
[BlackElo "1792"]
[PlyCount "56"]
[EventDate "2007.12.26"]
[EventType "swiss"]
[EventRounds "7"]
[EventCountry "FRA"]
[SourceTitle "CBM 122 Extra"]
[Source "ChessBase"]
[SourceDate "2008.03.04"]
[SourceVersion "1"]
[SourceVersionDate "2008.03.04"]
[SourceQuality "1"]

1. e4 g6 2. f4 d6 3. Nf3 Bg7 4. Bc4 c6 5. Nc3 e6 6. 0-0 Ne7 7. d3 0-0 8. Bb3 d5 9. Qe1 dxe4 10. dxe4 Qc7 11. Be3 b6 12. Qf2 Bb7 13. Rad1 Na6 14. a3 Rad8 15. Rd3 Rxd3 16. cxd3 Rd8 17. Rd1 Nb8 18. e5 Nf5 19. Ng5 Nxe3 20. Qxe3 h6 21. Nge4 Ba6 22. d4 Bf8 23. Nf6+ Kh8 24. Nce4 Nd7 25. g4 Nxf6 26. Nxf6 c5 27. f5 cxd4 28. Qg3 Bg7 1/2-1/2

[Event "Angers op 1st"]
[Site "Angers"]
[Date "2006.05.08"]
[Round "6"]
[White "Mauget, Jean Pierre"]
[Black "Bronner, Daniel"]
[Result "1-0"]
[WhiteElo "1801"]
[BlackElo "1680"]
[PlyCount "61"]
[EventDate "2006.05.06"]
[EventType "swiss"]
[EventRounds "6"]
[EventCountry "FRA"]
[SourceTitle "EXT 2007"]
[Source "ChessBase"]
[SourceDate "2006.11.23"]
[SourceVersion "1"]
[SourceVersionDate "2006.11.23"]
[SourceQuality "1"]

1. d4 g6 2. c4 Bg7 3. Nc3 d6 4. e4 Nc6 5. Nf3 Bg4 6. Be3 e5 7. d5 Nd4 8. Be2 Nxe2 9. Qxe2 Bh6 10. Bxh6 Nxh6 11. Qe3 Ng8 12. h3 Bxf3 13. gxf3 Qh4 14. Nb5 Kd7 15. Nxa7 Ne7 16. c5 dxc5 17. Qxc5 Rhb8 18. Rc1 c6 19. dxc6+ bxc6 20. b3 Qf6 21. Ke2 Rb7 22. Rhd1+ Kc7 23. Nb5+ Rxb5 24. Qxb5 Rxa2+ 25. Ke1 Qg5 26. Qd3 Qg1+ 27. Qf1 Qg5 28. Ra1 Rb2 29. Ra7+ Kb6 30. Qa6+ Kc5 31. Qa5# 1-0